Modern English in action / (Record no. 2306)

000 -LEADER
fixed length control field nam a22 a 4500
003 - CONTROL NUMBER IDENTIFIER
control field AKMAL
005 - DATE AND TIME OF LATEST TRANSACTION
control field 20170516092442.0
008 - FIXED-LENGTH DATA ELEMENTS--GENERAL INFORMATION
fixed length control field 170516s1982 xxk 00 eng d
020 ## - INTERNATIONAL STANDARD BOOK NUMBER
International Standard Book Number 066900751X
040 ## - CATALOGING SOURCE
Original cataloging agency AKMAL
Transcribing agency AKMAL
082 04 - DEWEY DECIMAL CLASSIFICATION NUMBER
Classification number 428 CHR
090 ## - LOCALLY ASSIGNED LC-TYPE CALL NUMBER (OCLC); LOCAL CALL NUMBER (RLIN)
Classification number (OCLC) (R) ; Classification number, CALL (RLIN) (NR) 428
Local cutter number (OCLC) ; Book number/undivided call number, CALL (RLIN) CHR
100 1# - MAIN ENTRY--PERSONAL NAME
Personal name Christ, Henry I.
9 (RLIN) 4829
245 1# - TITLE STATEMENT
Title Modern English in action /
Statement of responsibility, etc. Henry I. Christ
250 ## - EDITION STATEMENT
Edition statement Teacher's ed.
300 ## - PHYSICAL DESCRIPTION
Extent 494p. :
Other physical details ill. ;
Dimensions 24cm.
650 ## - SUBJECT ADDED ENTRY--TOPICAL TERM
Topical term or geographic name entry element English language
General subdivision Usage
9 (RLIN) 4830
650 ## - SUBJECT ADDED ENTRY--TOPICAL TERM
Topical term or geographic name entry element English language
General subdivision Study and teaching
9 (RLIN) 4831
942 ## - ADDED ENTRY ELEMENTS (KOHA)
Source of classification or shelving scheme
Koha item type Book
Holdings
Withdrawn status Lost status Source of classification or shelving scheme Damaged status Not for loan Collection code Home library Current library Date acquired Inventory number Total Checkouts Full call number Barcode Date last seen Price effective from Koha item type
          NON-FICTION AKMAL Melaka AKMAL Melaka 16.05.2017 400047   428 CHR 201706838 16.05.2017 16.05.2017 Book
          NON-FICTION AKMAL Melaka AKMAL Melaka 16.05.2017 400027   428 CHR 201706839 16.05.2017 16.05.2017 Book
Pusat Sumber Maklumat Dato' Haji Sarmin Md Hussin, Akademi Kastam Diraja Malaysia, Melaka
Tel: 06-2331106 | Faks: 06-2313787